| 000 | 00599nam a2200193 4500 | ||
|---|---|---|---|
| 001 | 178 | ||
| 005 | 20181127160725.0 | ||
| 020 | 0 | 0 | _a8171980163 |
| 090 | 0 | 0 | _a657.48 M7431i 2010 |
| 100 | 0 | 0 | _aMonga, J.R. |
| 245 | 0 | 0 |
_aIntroduction to financial accounting / _b _cJ.R. Monga _h |
| 250 |
_a5th revised ed. _b |
||
| 260 | 0 | 0 |
_aNoida, Delhi : _bMayur Paperbacks, _c2010. |
| 300 | 0 | 0 | _a450 p. |
| 500 | _a"Assisted by Mrs. Shweta Bajaj" | ||
| 500 | _a"For B.B.A. course of Guru Gobind Singh Indraprastha University, Delhi" | ||
| 500 | _a"Professional Advisor: Girish Ahuja, F.C.A." | ||
| 650 | 0 | 0 |
_aAccounting. _x |
| 999 |
_c160 _d160 |
||